000 00477nam a2200133Ia 4500
008 100328s9999 xx 000 0 und d
082 _b73397
100 _aतांदळे ज्ञानेश्वर
245 _aश्रीभक्तिविजय कथासार.
260 _bअमोल.
630 _aश्रीभक्तिविजय कथासार.
730 _aश्रीभक्तिविजय कथासार.
942 _cBOOK
999 _c559118
_d559115